Zhodnotenie bezpečnosti cestnej dopravy v okrese Žarnovica

Na minha lista:
Detalhes bibliográficos
Autor principal: Budinský, Ľubomír, 1989- (Author)
Outros Autores: Kapusta, Vladimír, 1954- (Thesis advisor)
Formato: Manuscrito Livro
Idioma:eslovaco
Publicado em: Bratislava : STU v Bratislave SvF, 2014
Assuntos:
Acesso em linha:VAIS
https://opac.crzp.sk/?fn=detailBiblioForm&sid=EE95B465952BB5C0030C4AB19651
Tags: Adicionar Tag
Sem tags, seja o primeiro a adicionar uma tag!

MARC

LEADER 00000ntm a22000003a 4500
001 stu297168
005 20230824130829.8
008 140919s2014----xo------------------slo-d
040 |a STU  |b slo 
041 0 |a slo 
044 |a xo 
100 1 |a Budinský, Ľubomír,  |d 1989-  |4 aut  |u V  |T SvF Stavebná fakulta  |X 66743  |U V  |Y 10  |7 A000066743 
242 0 0 |a Review of traffic safety situation in the district Zarnovica  |y eng 
245 1 |a Zhodnotenie bezpečnosti cestnej dopravy v okrese Žarnovica 
260 |a Bratislava :  |b STU v Bratislave SvF,  |c 2014 
650 7 |a inžinierske konštrukcie a dopravné stavby  |2 stusub 
650 7 |a Structural and Transportation Engineering  |2 estusub 
700 1 |a Kapusta, Vladimír,  |d 1954-  |4 ths  |u V120  |U SvF Stavebná fakulta  |T SvF Katedra dopravných stavieb  |X 855  |U V120  |Y 12  |7 A000000855 
856 4 |a info a plný text  |u http://is.stuba.sk/zp/portal_zp.pl?podrobnosti=66912  |3 VAIS 
856 4 |a CRZP  |u https://opac.crzp.sk/?fn=detailBiblioForm&sid=EE95B465952BB5C0030C4AB19651